[Event "Hoogeveen Amateurs op 25th"]
[Site "Hoogeveen"]
[Date "2022.10.17"]
[Round "3.11"]
[White "Van Nieuwkerk, Dirk"]
[Black "Namaganda, Christine"]
[Result "0-1"]
[WhiteElo "1660"]
[BlackElo "1585"]
[PlyCount "68"]
[EventDate "2022.10.15"]
[EventType "swiss"]
[EventRounds "7"]
[EventCountry "NED"]
[SourceTitle "CBM 210 Extra"]
[Source "ChessBase"]
[SourceDate "2022.11.30"]
[SourceVersion "1"]
[SourceVersionDate "2022.11.30"]
[SourceQuality "1"]

1. e4 d6 2. Nf3 Nf6 3. d3 g6 4. c3 Bg7 5. Qc2 Bg4 6. Be2 c6 7. Nbd2 Nbd7 8. h3 Bxf3 9. Nxf3 e5 10. Bd2 Qc7 11. b4 Nh5 12. 0-0 0-0-0 13. a4 f5 14. Ng5 Rde8 15. exf5 Nf8 16. fxg6 hxg6 17. Bg4+ Kb8 18. Rfe1 Nf6 19. Bf3 Ne6 20. Ne4 Nxe4 21. Bxe4 Qf7 22. d4 Ref8 23. Rf1 g5 24. d5 cxd5 25. Bxd5 Qd7 26. Qd1 Nf4 27. Bxf4 exf4 28. Qf3 Be5 29. b5 Rf6 30. a5 Rfh6 31. a6 g4 32. Qe4 f3 33. gxf3 gxf3 34. Bc4 Qg7+ 0-1